header

Sacred and secular in medieval and early modern cultures (Record no. 247386)

MARC details
000 -LEADER
fixed length control field 01548nam a2200397 a 4500
082 04 - DEWEY DECIMAL CLASSIFICATION NUMBER
Classification number 940.1
245 00 - TITLE STATEMENT
Title Sacred and secular in medieval and early modern cultures
250 ## - EDITION STATEMENT
Edition statement 1st ed.
260 ## - PUBLICATION, DISTRIBUTION, ETC. (IMPRINT)
Place of publication New York :
Name of publisher Palgrave Macmillan,
Year of publication 2006.
300 ## - PHYSICAL DESCRIPTION
Number of Pages xviii, 238 p.
490 1# - SERIES STATEMENT
Series statement New Middle Ages
650 #0 - SUBJECT ADDED ENTRY--TOPICAL TERM
Topical Term Civilization, Medieval.
Topical Term Literature, Medieval
Topical Term Secularism in literature.
Topical Term Holy, The, in literature.
Topical Term Christianity in literature.
Topical Term Church and state
700 1# - ADDED ENTRY--PERSONAL NAME
Personal name Besserman, Lawrence L.,
856 40 - ELECTRONIC LOCATION AND ACCESS
Uniform Resource Identifier http://site.ebrary.com/lib/rucke/Doc?id=10166687

No items available.

© 2026 Rongo University
Contact us: librarian | system librarian | Rongo university